Jak podpořit vnitřní komunikaci
Nedostatočná vnútorná komunikácia znižuje výkon organizácie, zhoršuje jej vzťahy so zákazníkmi a znižuje spokojnosť a motiváciu zamestnancov.
Saved in:
| Main Author: | |
|---|---|
| Format: | Book Chapter |
| Language: | Czech |
| Subjects: | |
| Tags: |
No Tags, Be the first to tag this record!
|
MARC
| LEADER | 00000naa a2200000 4500 | ||
|---|---|---|---|
| 001 | 0157782 | ||
| 005 | 20231019115839.4 | ||
| 041 | 0 | |a cze | |
| 044 | |a CZ | ||
| 245 | 1 | 0 | |a Jak podpořit vnitřní komunikaci |c Jan Urban |
| 520 | |a Nedostatočná vnútorná komunikácia znižuje výkon organizácie, zhoršuje jej vzťahy so zákazníkmi a znižuje spokojnosť a motiváciu zamestnancov. | ||
| 610 | 2 | 0 | |a vzťahy s verejnosťou |
| 610 | 2 | 0 | |a komunikácia interná |
| 610 | 2 | 0 | |a zamestnanci |
| 610 | 2 | 0 | |a zamestnávatelia |
| 610 | 2 | 0 | |a firmy |
| 610 | 2 | 0 | |a výkony pracovné |
| 100 | 1 | |a Urban, Jan | |